Największe ludobójstwa w historii - Statystyki

Ogólne statystyki
  • Ten quiz został rozwiązany 27 razy
  • Średni wynik to 1 z 11
Statystyki odpowiedzi
Hint Odpowiedź % Poprawnych
6,050,000 Zagłada Żydów
92%
4,000,000 Wielki głód na Ukrainie
17%
1,050,000 Ludobójstwo Ormian
13%
645,500 Ludobójstwo w Rwandzie
13%
2,193,367 Ludobójstwo w Kambodży
8%
815,000 Porajmos
4%
1,042,000 Blokada Leningradu
0%
1,500,000 Ludobójstwo Czerkiesów
0%
1,650,000 Ludobójstwo w Bangladeszu
0%
600,000 Wojny albigeńskie
0%
2,400,000 Zbrodnie niemieckie w Polsce (1939-1945)
0%
Nie znaleziono quizów pasujących do podanych kryteriów
Rozkład punktacji
Procent ludzi z każdym wynikiem
Percentyl według liczby udzielonych odpowiedzi
Twoja historia wyników
Nie rozwiązałeś tego quizu